<?xml version="1.0" encoding="UTF-8"?>
<record
    xmlns:xsi="http://www.w3.org/2001/XMLSchema-instance"
    xsi:schemaLocation="http://www.loc.gov/MARC21/slim http://www.loc.gov/standards/marcxml/schema/MARC21slim.xsd"
    xmlns="http://www.loc.gov/MARC21/slim">

  <leader>00864nam a2200229   4500</leader>
  <controlfield tag="001">147949</controlfield>
  <controlfield tag="003">ES-MaACL</controlfield>
  <controlfield tag="005">20240516063056.0</controlfield>
  <controlfield tag="007">t|</controlfield>
  <controlfield tag="008">070214s1961    sp      r    ||||1| eng d</controlfield>
  <datafield tag="100" ind1="0" ind2=" ">
    <subfield code="a">Stevenson, Robert Louis,</subfield>
    <subfield code="d">1850-1894</subfield>
    <subfield code="9">108169</subfield>
  </datafield>
  <datafield tag="245" ind1="1" ind2="0">
    <subfield code="a">Providence and the guitar </subfield>
    <subfield code="b">: = La providencia y la guitarra / </subfield>
    <subfield code="c">by Robert Louis Stevenson ; [traducci&#xF3;n del ingl&#xE9;s de Mar&#xED;a Alfaro].</subfield>
  </datafield>
  <datafield tag="260" ind1=" " ind2=" ">
    <subfield code="a">Madrid ; </subfield>
    <subfield code="a">M&#xE9;xico : </subfield>
    <subfield code="b">Alhambra, </subfield>
    <subfield code="c">[1961] (</subfield>
    <subfield code="e">Avila : </subfield>
    <subfield code="f">Sen&#xE9;n Mart&#xED;n)</subfield>
  </datafield>
  <datafield tag="300" ind1=" " ind2=" ">
    <subfield code="a">69 p. ; </subfield>
    <subfield code="c">18 cm.</subfield>
  </datafield>
  <datafield tag="490" ind1="1" ind2=" ">
    <subfield code="a">Textos biling&#xFC;es Alhambra ; </subfield>
    <subfield code="v">13</subfield>
  </datafield>
  <datafield tag="500" ind1=" " ind2=" ">
    <subfield code="a">Texto paralelo en ingl&#xE9;s y espa&#xF1;ol.</subfield>
  </datafield>
  <datafield tag="700" ind1="1" ind2=" ">
    <subfield code="a">Alfaro, Mar&#xED;a.</subfield>
    <subfield code="9">19806</subfield>
  </datafield>
  <datafield tag="740" ind1="0" ind2=" ">
    <subfield code="a">La providencia y la guitarra.</subfield>
  </datafield>
  <datafield tag="830" ind1="0" ind2=" ">
    <subfield code="a">Textos biling&#xFC;es Alhambra ; </subfield>
    <subfield code="v">13</subfield>
    <subfield code="9">183591</subfield>
  </datafield>
  <datafield tag="852" ind1=" " ind2=" ">
    <subfield code="a">ES-MaACL</subfield>
    <subfield code="j">C-20278 </subfield>
    <subfield code="b">R.48621</subfield>
  </datafield>
  <datafield tag="999" ind1=" " ind2=" ">
    <subfield code="c">147949</subfield>
    <subfield code="d">147949</subfield>
  </datafield>
  <datafield tag="952" ind1=" " ind2=" ">
    <subfield code="0">0</subfield>
    <subfield code="1">0</subfield>
    <subfield code="4">0</subfield>
    <subfield code="7">0</subfield>
    <subfield code="a">ATENEOM</subfield>
    <subfield code="b">ATENEOM</subfield>
    <subfield code="c">Galer&#xED;a</subfield>
    <subfield code="d">2008-01-17</subfield>
    <subfield code="e">SC</subfield>
    <subfield code="l">0</subfield>
    <subfield code="o">C-20278</subfield>
    <subfield code="p">1154402</subfield>
    <subfield code="r">2023-02-23 00:00:00</subfield>
    <subfield code="w">2023-02-23</subfield>
    <subfield code="y">MONOGRAFIA</subfield>
  </datafield>
</record>
